[Event "POL-ch U20"]
[Site "Chotowa"]
[Date "2023.10.29"]
[Round "7"]
[White "Walaszczyk, Aleksander"]
[Black "Karut, Kacper"]
[Result "1/2-1/2"]
[WhiteElo "1731"]
[BlackElo "2093"]
[PlyCount "63"]
[EventDate "2023.10.24"]
[EventType "swiss"]
[EventRounds "9"]
[EventCountry "POL"]
[SourceTitle "Mega2024 Update 01"]
[Source "Chessbase"]
[SourceDate "2023.11.12"]
[SourceVersion "1"]
[SourceVersionDate "2023.11.12"]
[SourceQuality "1"]

1. e4 c5 2. Nf3 Nc6 3. Bb5 e6 4. 0-0 Nge7 5. Re1 a6 6. Bf1 Ng6 7. d4 cxd4 8. Nxd4 Bc5 9. Nb3 Ba7 10. c4 Qc7 11. Nc3 0-0 12. Be3 b6 13. g3 Bb7 14. Rc1 f5 15. f4 Nce7 16. Bg2 fxe4 17. Nxe4 Nf5 18. Bf2 e5 19. c5 b5 20. fxe5 Nxe5 21. g4 Nh6 22. Bg3 Nhf7 23. Nd4 Rae8 24. Kh1 Qc8 25. Nf5 Qa8 26. Qd4 Re6 27. Rc2 Rfe8 28. Rf1 g6 29. Nfd6 Nxd6 30. Nxd6 Bxg2+ 31. Rxg2 Rf8 32. Rxf8+ 1/2-1/2

[Event "POL-ch U20"]
[Site "Chotowa"]
[Date "2023.10.24"]
[Round "1"]
[White "Walaszczyk, Aleksander"]
[Black "Dziewonski, Dariusz"]
[Result "0-1"]
[WhiteElo "1731"]
[BlackElo "2218"]
[PlyCount "96"]
[EventDate "2023.10.24"]
[EventType "swiss"]
[EventRounds "9"]
[EventCountry "POL"]
[SourceTitle "Mega2024 Update 01"]
[Source "Chessbase"]
[SourceDate "2023.11.12"]
[SourceVersion "1"]
[SourceVersionDate "2023.11.12"]
[SourceQuality "1"]

1. e4 e5 2. Nf3 Nc6 3. Bb5 a6 4. Ba4 Nf6 5. 0-0 b5 6. Bb3 Bc5 7. c3 d6 8. a4 Rb8 9. d4 Bb6 10. a5 Ba7 11. h3 Bb7 12. Be3 Ra8 13. Re1 0-0 14. Nbd2 Re8 15. dxe5 Nxe5 16. Nxe5 dxe5 17. Bxa7 Rxa7 18. Bc2 c5 19. Nf1 Bc6 20. Qxd8 Rxd8 21. Rad1 Rad7 22. f3 c4 23. Rxd7 Rxd7 24. Rd1 Rxd1 25. Bxd1 Nd7 26. Nd2 Nc5 27. b3 cxb3 28. Nxb3 Na4 29. Bc2 Bd7 30. c4 bxc4 31. Nd2 Nb2 32. Kf2 Kf8 33. Ke3 Ke7 34. Nb1 Kd6 35. Kd2 Kc5 36. Kc3 Na4+ 37. Bxa4 Bxa4 38. Na3 Bb3 39. h4 f6 40. h5 h6 41. g3 Bd1 42. f4 exf4 43. gxf4 Be2 44. e5 fxe5 45. fxe5 Kd5 46. Nc2 Bxh5 47. Nb4+ Kxe5 48. Nxa6 Bf3 0-1

[Event "POL-chT 2nd League"]
[Site "Jastrzebia Gora"]
[Date "2023.09.02"]
[Round "1.111"]
[White "Praczukowski, Stanislaw"]
[Black "Walaszczyk, Aleksander"]
[Result "1/2-1/2"]
[WhiteElo "2142"]
[BlackElo "1693"]
[PlyCount "135"]
[EventDate "2023.09.02"]
[EventType "team-swiss"]
[EventRounds "9"]
[EventCountry "POL"]
[SourceTitle "EXT 2024"]
[Source "ChessBase"]
[SourceDate "2023.10.10"]
[SourceVersion "1"]
[SourceVersionDate "2023.10.10"]
[SourceQuality "1"]
[WhiteTeam "Torun UKS OPP"]
[BlackTeam "Kalisz KTS"]
[WhiteTeamCountry "POL"]
[BlackTeamCountry "POL"]

1. d4 Nf6 2. c4 g6 3. Nc3 d5 4. Nf3 Bg7 5. Qb3 dxc4 6. Qxc4 0-0 7. e4 Nc6 8. Be2 e5 9. d5 Nd4 10. Nxd4 exd4 11. Qxd4 c6 12. Qc4 b5 13. Qxc6 Bd7 14. Qd6 Re8 15. e5 Ng4 16. e6 fxe6 17. h3 Ne5 18. 0-0 Nf7 19. Qa3 exd5 20. Bf3 d4 21. Ne4 Rc8 22. Bf4 a5 23. Rac1 b4 24. Qd3 Qb6 25. Ng5 Nxg5 26. Bxg5 Qb5 27. Qd2 d3 28. Bh6 Bxh6 29. Qxh6 Rc2 30. Rxc2 dxc2 31. Qd2 Bf5 32. Rc1 Qd3 33. Qf4 Rd8 34. g4 Be6 35. Be4 Qxh3 36. Bxc2 Qxg4+ 37. Qxg4 Bxg4 38. Bb3+ Kg7 39. Rc7+ Rd7 40. Rc5 Ra7 41. Kg2 Bf5 42. Kg3 a4 43. Bd5 a3 44. bxa3 bxa3 45. Kf4 Bd7 46. Ke5 Be8 47. f4 Bf7 48. Bxf7 Rxf7 49. Ke4 Ra7 50. Kf3 h5 51. Rc6 Ra5 52. Kg3 Rd5 53. Rc3 Ra5 54. Rc6 g5 55. fxg5 Rxg5+ 56. Kh3 Ra5 57. Kh4 Kf7 58. Rh6 Ke7 59. Rxh5 Rxh5+ 60. Kxh5 Kd6 61. Kg4 Kc5 62. Kf4 Kb4 63. Ke3 Kc3 64. Ke2 Kb2 65. Kd2 Kxa2 66. Kc2 Ka1 67. Kc1 a2 68. Kc2 1/2-1/2

[Event "POL-ch U20"]
[Site "Karpacz"]
[Date "2022.11.21"]
[Round "3"]
[White "Walaszczyk, Aleksander"]
[Black "Marciniak, Leonard"]
[Result "0-1"]
[WhiteElo "1656"]
[BlackElo "1849"]
[PlyCount "80"]
[EventDate "2022.11.19"]
[EventType "swiss"]
[EventRounds "9"]
[EventCountry "POL"]
[SourceTitle "EXT 2024"]
[Source "ChessBase"]
[SourceDate "2023.10.10"]
[SourceVersion "1"]
[SourceVersionDate "2023.10.10"]
[SourceQuality "1"]

1. e4 e5 2. Nf3 Nf6 3. Nxe5 d6 4. Nf3 Nxe4 5. Nc3 Nxc3 6. dxc3 Be7 7. Be3 0-0 8. Qd2 Nd7 9. 0-0-0 Nf6 10. Bd3 c5 11. c4 b5 12. cxb5 a6 13. bxa6 d5 14. c4 d4 15. Bf4 Rxa6 16. a3 Bb7 17. Rde1 Re8 18. Qc2 Qa8 19. Ng5 h6 20. Ne4 Nh5 21. Bd2 Bc6 22. g4 Nf6 23. Nxf6+ Bxf6 24. Rxe8+ Qxe8 25. Re1 Qb8 26. f4 Ba4 27. Qb1 Bb3 28. g5 hxg5 29. fxg5 Be5 30. h4 Bf4 31. Bh7+ Kf8 32. Qf5 Bxd2+ 33. Kxd2 Qc7 34. Qe4 Qa5+ 35. Kd3 Re6 36. Qb7 Qxe1 37. Qc8+ Re8 38. Qxc5+ Qe7 39. Qxe7+ Rxe7 40. Kxd4 g6 0-1

[Event "POL-ch U20"]
[Site "Karpacz"]
[Date "2022.11.19"]
[Round "1"]
[White "Walaszczyk, Aleksander"]
[Black "Dalkowski, Rafal"]
[Result "1/2-1/2"]
[WhiteElo "1656"]
[BlackElo "2084"]
[PlyCount "102"]
[EventDate "2022.11.19"]
[EventType "swiss"]
[EventRounds "9"]
[EventCountry "POL"]
[SourceTitle "EXT 2024"]
[Source "ChessBase"]
[SourceDate "2023.10.10"]
[SourceVersion "1"]
[SourceVersionDate "2023.10.10"]
[SourceQuality "1"]

1. e4 c6 2. d4 d5 3. Nc3 dxe4 4. Nxe4 Bf5 5. Ng3 Bg6 6. h4 h6 7. Nf3 Nd7 8. h5 Bh7 9. Bd3 Bxd3 10. Qxd3 e6 11. Bd2 Ngf6 12. 0-0-0 Be7 13. Kb1 0-0 14. Ne4 Nxe4 15. Qxe4 Nf6 16. Qe2 Qd5 17. Ne5 Qe4 18. Qxe4 Nxe4 19. Be1 Rfd8 20. f3 Nf6 21. c4 Nd7 22. Bc3 f6 23. Ng6 Bd6 24. b3 Kf7 25. d5 exd5 26. cxd5 cxd5 27. Rxd5 Nb6 28. Rd3 Bc7 29. Rhd1 Rxd3 30. Rxd3 Re8 31. a4 Ke6 32. Re3+ Kd7 33. Rxe8 Kxe8 34. Kc2 Kf7 35. Kd3 Nd7 36. Bd4 a6 37. Ke4 Ke6 38. g4 Bg3 39. Bg1 Nb8 40. Bc5 Nc6 41. Nf8+ Kf7 42. Ng6 Na5 43. b4 Nc4 44. Kd5 Nb2 45. a5 Nd3 46. Nh8+ Kg8 47. Ng6 Kf7 48. Nh8+ Ke8 49. Ng6 Kf7 50. Nh8+ Ke8 51. Ng6 Kf7 1/2-1/2

[Event "Rubinstein Memorial op-D 57th"]
[Site "Polanica Zdroj"]
[Date "2021.08.21"]
[Round "8"]
[White "Walaszczyk, Aleksander"]
[Black "Ciborowski, Konrad Jr"]
[Result "1/2-1/2"]
[WhiteElo "1392"]
[BlackElo "1742"]
[PlyCount "93"]
[EventDate "2021.08.14"]
[EventType "swiss"]
[EventRounds "9"]
[EventCountry "POL"]
[SourceTitle "CBM 204 Extra"]
[Source "ChessBase"]
[SourceDate "2021.11.30"]
[SourceVersion "1"]
[SourceVersionDate "2021.11.30"]
[SourceQuality "1"]

1. d4 f5 2. c4 Nf6 3. Nc3 d6 4. g3 g6 5. Bg2 Bg7 6. d5 0-0 7. Nh3 Nbd7 8. 0-0 Ne5 9. b3 h6 10. Nf4 Bd7 11. Bb2 c6 12. Re1 Qe8 13. Nd3 Nh5 14. h3 g5 15. Nxe5 Bxe5 16. Na4 Bxb2 17. Nxb2 Qf7 18. Nd3 f4 19. g4 Nf6 20. Nb4 c5 21. Nd3 h5 22. f3 b5 23. e4 bxc4 24. bxc4 Qg7 25. e5 Ne8 26. Qc2 Qg6 27. Rab1 hxg4 28. hxg4 Bxg4 29. fxg4 f3 30. Rf1 fxg2 31. Rxf8+ Kxf8 32. Qe2 dxe5 33. Kxg2 Nf6 34. Rh1 Kg7 35. Nxc5 Rc8 36. Ne6+ Kg8 37. Kf3 Nxd5 38. Qxe5 Qd3+ 39. Kf2 Qd2+ 40. Kg3 Nf6 41. Nxg5 Qd3+ 42. Kh4 Qxc4 43. Qf5 Kg7 44. Ne6+ Kf7 45. Ng5+ Kg7 46. Ne6+ Kf7 47. Ng5+ 1/2-1/2

[Event "Rubinstein Memorial op-D 57th"]
[Site "Polanica Zdroj"]
[Date "2021.08.16"]
[Round "3"]
[White "Walaszczyk, Aleksander"]
[Black "Ziemski, Jaroslaw"]
[Result "1/2-1/2"]
[WhiteElo "1392"]
[BlackElo "1581"]
[PlyCount "185"]
[EventDate "2021.08.14"]
[EventType "swiss"]
[EventRounds "9"]
[EventCountry "POL"]
[SourceTitle "CBM 204 Extra"]
[Source "ChessBase"]
[SourceDate "2021.11.30"]
[SourceVersion "1"]
[SourceVersionDate "2021.11.30"]
[SourceQuality "1"]

1. Nf3 f5 2. g3 Nf6 3. Bg2 d5 4. c4 e6 5. 0-0 Bd6 6. d3 0-0 7. Bg5 h6 8. Bxf6 Qxf6 9. Nc3 c6 10. e3 g5 11. Nd2 Bd7 12. d4 Be8 13. c5 Be7 14. b4 e5 15. dxe5 Qxe5 16. Qb3 Bf7 17. Nf3 Qg7 18. Nd4 Qg6 19. a4 Nd7 20. Qa2 a5 21. b5 Bxc5 22. Nce2 Ne5 23. bxc6 bxc6 24. Rfc1 Bxd4 25. Nxd4 Nc4 26. Rxc4 dxc4 27. Nxc6 Qd6 28. Qc2 Rae8 29. Qxf5 c3 30. Qc2 Qd2 31. Rc1 Qxc2 32. Rxc2 Bb3 33. Rxc3 Bxa4 34. Nxa5 Rd8 35. Rc1 Rd2 36. f4 Rb8 37. Nc4 Ra2 38. Bd5+ Kg7 39. Ne5 Rc2 40. Rxc2 Bxc2 41. h4 gxh4 42. gxh4 Rb2 43. Nc4 Rb1+ 44. Kf2 Bd3 45. Ne5 Bf5 46. Kf3 Rh1 47. e4 Bc8 48. f5 Rxh4 49. Kg3 Rh1 50. Ng4 h5 51. f6+ Kg6 52. f7 Kg7 53. Ne5 Rf1 54. Kh4 Rh1+ 55. Kg3 Rf1 56. Kh4 Kh6 57. Kg3 Rf6 58. Kh4 Rf4+ 59. Kg3 Rf6 60. Kh4 Rf1 61. Kg3 Kg7 62. Kh4 Rh1+ 63. Kg3 Rg1+ 64. Kh4 Rh1+ 65. Kg3 h4+ 66. Kg2 Rh3 67. Nf3 Rg3+ 68. Kf2 Rg4 69. Ne5 Rg5 70. Nf3 Rh5 71. Kg2 Bg4 72. Nxh4 Rg5 73. Kf2 Bh5 74. Nf5+ Kf8 75. Ke3 Bxf7 76. Kf4 Rg1 77. Bxf7 Kxf7 78. Ke5 Ra1 79. Nd6+ Ke7 80. Nf5+ Kd7 81. Kf6 Ra6+ 82. Ke5 Rb6 83. Nd4 Ke7 84. Nf5+ Kf7 85. Nd4 Ra6 86. Kf5 Rf6+ 87. Ke5 Rf1 88. Nf5 Ra1 89. Nd6+ Kg6 90. Ke6 Kg5 91. Nf7+ Kf4 92. e5 Re1 93. Kf6 1/2-1/2